000 00379nam a22001577a 4500
003 MPLRDC
005 20220104151542.0
008 210129b ||||| |||| 00| 0 eng d
082 _a411.1 YRH
100 _a游瑞华编著
245 _a最新瑜珈健康法
_c
260 _a
_b新时代出版社
_c
300 _b
650 _a健康法--瑜珈
942 _cBK
_o411.1 YRH
999 _c52433
_d52423